[Event "Maria Albulet Memorial 2018"]
[Site "Braila"]
[Date "2018.11.05"]
[Round "4"]
[White "Bucur, Denisa-Andreea"]
[Black "Babiy, Olga"]
[Result "0-1"]
[WhiteElo "2012"]
[BlackElo "2314"]
[Annotator "TA"]
[PlyCount "90"]
[EventDate "2018.11.03"]
[EventType "swiss"]
[EventCountry "ROU"]
[SourceTitle "playchess.com"]
[Source "ChessBase"]
[SourceQuality "1"]

{[%evp 15,90,17,15,7,27,10,16,20,17,18,23,7,24,10,10,0,49,39,32,34,56,54,66,62,72,8,15,-159,-150,-237,-232,-212,-206,-260,-257,-257,-251,-253,-259,-252,-238,-255,-249,-328,-328,-327,-319,-505,-497,-549,-533,-525,-517,-493,-479,-533,-399,-480,-475,-531,-461,-472,-460,-466,-436,-441,-454,-585,-538,-757,-747,-837,-827,-29974,-29975,-29976,-29977]} 1. d4 Nf6 2. Nf3 e6 3. c4 b6 4. Nc3 Bb4 5. Bd2 Bb7 6. e3 O-O 7. Bd3 c5 8. a3 {E43: Nimzoindisch (Rubinstein-System)} Ba5 {LiveBook: 3 Partien} (8... Bxc3 9. Bxc3 Ne4 10. Bxe4 Bxe4 11. dxc5 bxc5 12. Qd6 f6 13. Qxc5 Qc8 14. Qd4 Bxf3 15. gxf3 Nc6 16. Qe4 Ne5 17. Bxe5 fxe5 {1-0 (43) Predke,A (2612)-Georgiev,K (2590) Biograd 2018}) 9. O-O d6 10. Rb1 {[#] Und weiter mit b4 wäre nett.Weiß hat minimalen Vorteil.} Bxc3 11. Bxc3 Ne4 12. Be1 $146 ({Vorgänger:} 12. Rc1 Nxc3 13. Rxc3 Nd7 14. b4 Qf6 15. Be2 e5 16. Qd2 cxb4 17. axb4 {½-½ (36) Fages,J (1957)-Gralke,W (1801) IECG email 2003}) 12... Nd7 13. Nd2 Nxd2 14. Qxd2 Rc8 15. f3 Qe7 16. Bg3 {dxc5 ist eine echte Drohung.} Rfd8 17. Rfd1 h6 18. b4 Nf6 19. a4 Ba8 20. Rb2 (20. Be2 $16) 20... d5 $11 21. cxd5 $2 {[#]} (21. dxc5 $11 bxc5 22. bxc5) 21... c4 $1 $17 {[%cal Rc4c3]} 22. d6 (22. Bxc4 $17 Rxc4 23. dxe6) 22... Qd7 $19 23. Bxc4 Rxc4 24. Rc1 Rxc1+ 25. Qxc1 Rc8 26. Rc2 Rxc2 27. Qxc2 Ne8 28. e4 Nxd6 29. Bxd6 Qxd6 30. Qc8+ Qf8 31. Qc7 (31. Qc4 {kämpft weiter.}) 31... Qxb4 {[%cal Rb4e1]} 32. Kf1 Qxd4 33. Qc8+ Kh7 34. Qxa8 Qxa4 {[%mdl 4096] Endspiel KD-KD} 35. Qb7 Kg6 36. h4 h5 37. Qb8 Qa1+ 38. Kf2 Qd4+ 39. Kf1 a5 {[%cal Ba7a5,Ba5a4,Ba4a3][%mdl 32]} 40. Qg3+ Kh7 41. Qf4 Qa1+ 42. Kf2 Qf6 43. Qc7 a4 {Weiss muss nun ...a3 beachten.} 44. Qxb6 a3 45. Qa5 Qb2+ {Precision: Weiß = 30%, Schwarz = 77%.} 0-1

[Event "Maria Albulet Memorial 2018"]
[Site "Braila"]
[Date "2018.11.05"]
[Round "4"]
[White "Mihailova, Alina"]
[Black "Makropoulou, Marina"]
[Result "1/2-1/2"]
[WhiteElo "1790"]
[BlackElo "2110"]
[Annotator "TA"]
[PlyCount "48"]
[EventDate "2018.11.03"]
[EventType "swiss"]
[EventCountry "ROU"]
[SourceTitle "playchess.com"]
[Source "ChessBase"]
[SourceQuality "1"]

{[%evp 9,48,-14,-6,0,2,-16,-15,-8,21,9,7,15,10,10,0,8,13,16,3,7,20,19,33,0,-10,-25,-22,-59,-6,-10,-10,-12,45,52,43,58,49,41,86,37,55]} 1. d4 d5 2. c4 e6 3. Nc3 Bb4 4. Qc2 dxc4 (4... Nf6 5. a3 Bxc3+ 6. Qxc3 O-O 7. Bg5 h6 8. Bxf6 Qxf6 9. Nf3 c6 10. e3 Nd7 11. Rc1 a5 12. Bd3 Re8 13. O-O dxc4 14. Qxc4 e5 15. Bb1 {1-0 (46) Bu,X (2664)-Zhao,X (2553) Biel 2013}) 5. e3 b5 6. a4 {D31: Queen's Gambit Declined: Semi-Slav without ...Nf6 (+ Marshall Gambit and Noteboom) and Exchange Variation lines without ...Nf6} c6 7. axb5 (7. Bd2 {feels hotter.} a5 8. axb5 Bxc3 9. Qxc3 cxb5 10. b3) 7... cxb5 8. b3 {The position is equal.} cxb3 $146 ({Predecessor:} 8... a5 9. bxc4 Bxc3+ 10. Qxc3 b4 11. Qb3 Bb7 12. Nf3 {1-0 (51) Munkhbayar,J-Cox,T (2106) Budapest 2010}) 9. Bxb5+ (9. Qxb3 {keeps more tension.} a5 10. Bxb5+ Bd7 11. Bd3 Nf6 12. Nf3) 9... Bd7 10. Bxd7+ Nxd7 11. Qxb3 a5 12. Nge2 Ngf6 13. Ba3 O-O 14. O-O Qe7 15. Rfb1 {[%cal Ra3b4]} Rab8 16. Qa2 Rfc8 17. Rb3 e5 18. h3 h6 ({Better is} 18... exd4 $15 19. exd4 Re8) 19. Qb2 exd4 20. Nxd4 Rxc3 (20... Qf8 $11 21. Nce2 Rc4) 21. Rxc3 $14 Bxc3 22. Qxc3 (22. Bxe7 $2 {perishes.} Rxb2 23. Rc1 Nd5 $19) 22... Qe5 23. Rc1 Ne4 24. Qc6 Ndf6 {Precision: White = 50%, Black = 36%.} 1/2-1/2

[Event "Maria Albulet Memorial 2018"]
[Site "Braila"]
[Date "2018.11.05"]
[Round "4"]
[White "Didiliuc, Dariana-Gabriela"]
[Black "Ciolacu, Alessia-Mihaela"]
[Result "0-1"]
[WhiteElo "1784"]
[BlackElo "1972"]
[Annotator "NA RC"]
[PlyCount "138"]
[EventDate "2018.11.03"]
[EventType "swiss"]
[EventCountry "ROU"]
[SourceTitle "playchess.com"]
[Source "ChessBase"]
[SourceQuality "1"]
[TimeControl "40/5400+30:900+30"]

{[%evp 8,138,24,0,27,16,13,18,18,-7,0,-21,-23,-29,-23,-36,-29,-39,-37,-30,-20,-24,-17,-11,-21,-29,-22,-39,-15,-33,-12,-22,-7,-20,-8,-20,20,32767,-13,-45,-38,-33,-22,-30,-28,-26,0,-21,-10,-14,0,-8,-14,-8,0,-13,-8,-74,0,0,0,-52,-34,-33,-16,-32,-17,-54,-29,-76,-36,-77,-71,-73,-83,-75,-71,-79,-79,-89,-97,-98,-98,-78,-89,-146,32767,-131,-97,-102,-106,-162,-142,-214,-96,-146,-204,-223,-236,-262,-251,32767,32767,32767,32767,-421,-537,-328,-272,-579,-435,-294,-531,-479,-711,-6325,-29980,-6187,-29978,-29973,-29982,-29983,32767,32767,32767,32767,-29987,32767,32767,32767,32767,32767,-29994]} 1. d4 {[%emt 0:08:24]} Nf6 {[%emt 0:00:00]} 2. c4 {[%emt 0:00:10]} e6 {[%emt 0:00:00]} 3. Nc3 {[%emt 0:00:24]} Bb4 {[%emt 0:00:25]} 4. Qc2 {[%emt 0:00:20]} d5 {[%emt 0:00:17]} 5. cxd5 {[%emt 0:01:08]} Qxd5 {[%emt 0:00:31]} 6. Nf3 {[%emt 0:01:23]} Qf5 {[%emt 0:00:45]} 7. Qxf5 {[%emt 0:21:21]} exf5 {[%emt 0:01:21]} 8. Bd2 {[%emt 0:00:14]} c6 {[%emt 0:00:40] E34: Nimzo-Indian: Classical: 4...d5} 9. e3 {[%emt 0:00:57]} Nbd7 {[%emt 0:01:24]} 10. Bd3 {[%emt 0:00:32] LiveBook: 12 Games} Nb6 {[%emt 0:00:50]} 11. Nh4 $146 {[%emt 0:02:26]} ({Predecessor:} 11. a3 Bd6 12. O-O O-O 13. Rfc1 a5 14. Rab1 a4 15. b4 axb3 16. Rxb3 {½-½ (31) Zhou,W (2590)-Bu,X (2662) China 2013}) 11... g6 {[%emt 0:00:57]} 12. O-O {[%emt 0:05:28]} Be6 {[%emt 0:02:04]} 13. Rfd1 {[%emt 0:01:58]} Be7 {[%emt 0:06:52]} 14. Nf3 {[%emt 0:01:15]} Nfd5 {[%emt 0:01:45]} 15. b3 {[%emt 0:00:55]} O-O {[%emt 0:04:06]} 16. Ne2 {[%emt 0:03:55]} a5 {[%emt 0:04:33]} 17. a3 {[%emt 0:07:00]} f6 {[%emt 0:09:03]} 18. Bc1 {[%emt 0:03:16]} Kg7 {[%emt 0:01:26]} 19. Bb2 {[%emt 0:00:29]} a4 {[%emt 0:14:44]} 20. b4 {[%emt 0:01:13]} Nc7 {[%emt 0:04:40]} 21. Nd2 {[%emt 0:00:19]} Nb5 {[%emt 0:00:32]} 22. Nf4 {[%emt 0:01:10]} Bf7 {[%emt 0:00:28]} 23. Bc2 {[%emt 0:01:37]} Nd6 {[%emt 0:03:42]} 24. Nd3 {[%emt 0:02:49]} Nbc4 {[%emt 0:01:49]} 25. Nxc4 {[%emt 0:02:17]} Nxc4 {[%emt 0:00:12]} 26. Bc3 {[%emt 0:00:09]} b6 {[%emt 0:01:12]} 27. Nb2 {[%emt 0:04:51]} Nxb2 {[%emt 0:06:01]} 28. Bxb2 {[%emt 0:00:05]} Rfe8 {[%emt 0:03:20]} 29. h3 {[%emt 0:08:48]} Bd5 {[%emt 0:01:30]} 30. Bd3 {[%emt 0:00:53]} Bd6 {[%emt 0:01:07]} 31. Rdc1 {[%emt 0:00:48]} Rac8 {[%emt 0:01:17]} 32. Bc2 {[%emt 0:00:15]} Ra8 {[%emt 0:00:25]} 33. Bd3 {[%emt 0:00:23]} Rac8 {[%emt 0:02:10]} 34. Bc2 {[%emt 0:08:31]} b5 {[%emt 0:00:59]} 35. Re1 {[%emt 0:01:48]} Rc7 {[%emt 0:00:56]} 36. Re2 {[%emt 0:01:00]} Bc4 {[%emt 0:00:37]} 37. Rd2 {[%emt 0:00:19]} Rce7 {[%emt 0:00:47]} 38. Bd3 {[%emt 0:02:42]} Bd5 {[%emt 0:00:14]} 39. Re1 {[%emt 0:00:23]} f4 {[%emt 0:07:25]} 40. Rde2 {[%emt 0:00:00]} fxe3 {[%emt 0:00:00]} 41. Rxe3 {[%emt 0:02:28]} Rxe3 {[%emt 0:03:58]} 42. fxe3 {[%emt 0:00:34]} Bg3 {[%emt 0:00:29]} 43. Re2 {[%emt 0:00:08]} f5 {[%emt 0:00:12]} 44. Bc1 {[%emt 0:02:34]} h5 {[%emt 0:04:50]} 45. Kf1 {[%emt 0:01:02]} Kf6 {[%emt 0:01:29]} 46. Bd2 {[%emt 0:00:36]} h4 {[%emt 0:00:38]} 47. Be1 {[%emt 0:00:06]} Re6 {[%emt 0:02:32]} 48. Bf2 {[%emt 0:00:15]} Ke7 {[%emt 0:00:39]} 49. Re1 {[%emt 0:01:34] [#]} (49. Ke1 $17) 49... Kd6 $1 {[%emt 0:00:44]} 50. Rc1 {[%emt 0:00:44]} Rf6 {[%emt 0:02:39]} (50... f4 $19 51. exf4 Bxf4) 51. Re1 {[%emt 0:01:33] [#]} Be4 $1 {[%emt 0:00:39]} 52. Be2 {[%emt 0:01:40]} f4 {[%emt 0:00:52]} 53. Bf3 {[%emt 0:00:15]} Bxf3 {[%emt 0:02:39]} 54. gxf3 {[%emt 0:00:05]} Bxf2 {[%emt 0:03:21]} 55. Kxf2 {[%emt 0:00:06]} Kd5 {[%emt 0:02:05]} 56. Rd1 $2 {[%emt 0:00:53]} (56. Rc1 $1 $11) 56... fxe3+ {[%emt 0:00:23]} 57. Kxe3 {[%emt 0:00:06] [#]} Kc4 $1 {[%emt 0:01:45]} 58. f4 {[%emt 0:02:30]} Re6+ {[%emt 0:00:39]} 59. Kf3 {[%emt 0:00:05]} Kb3 {[%emt 0:00:03]} 60. Rd3+ {[%emt 0:00:31] [#]} Kc2 $1 {[%emt 0:00:06]} 61. Re3 {[%emt 0:00:36]} Rxe3+ {[%emt 0:00:13]} 62. Kxe3 {[%emt 0:00:06]} Kb3 {[%emt 0:00:04]} 63. Kd3 {[%emt 0:01:04]} Kxa3 {[%emt 0:00:32]} 64. Kc3 {[%emt 0:00:05]} Ka2 {[%emt 0:00:05]} 65. Kc2 {[%emt 0:00:04]} a3 {[%emt 0:00:06]} 66. d5 {[%emt 0:00:18]} cxd5 {[%emt 0:00:04]} 67. f5 {[%emt 0:00:07]} gxf5 {[%emt 0:00:04]} 68. Kc3 {[%emt 0:00:05]} Kb1 {[%emt 0:00:05]} 69. Kb3 {[%emt 0:00:04]} a2 {[%emt 0:00:04]} 0-1

[Event "Maria Albulet Memorial 2018"]
[Site "Braila"]
[Date "2018.11.05"]
[Round "4"]
[White "Uzuneanu, Gabriela"]
[Black "Maria, Lia-Alexandra"]
[Result "1/2-1/2"]
[WhiteElo "1571"]
[BlackElo "1479"]
[Annotator "NA RC"]
[PlyCount "116"]
[EventDate "2018.11.03"]
[EventType "swiss"]
[EventCountry "ROU"]
[SourceTitle "playchess.com"]
[Source "ChessBase"]
[SourceQuality "1"]
[TimeControl "40/5400+30:900+30"]

1. e4 {[%emt 0:00:00]} c5 {[%emt 0:00:00]} 2. f4 {[%emt 0:00:00]} Nc6 {[%emt 0:00:00]} 3. Nf3 {[%emt 0:00:00]} e6 {[%emt 0:00:06]} 4. d3 {[%emt 0:04:42]} Nge7 {[%emt 0:00:23]} 5. Nc3 {[%emt 0:01:13]} g6 {[%emt 0:00:08]} 6. g3 {[%emt 0:00:10]} Bg7 {[%emt 0:00:10]} 7. Bg2 {[%emt 0:00:05]} d6 {[%emt 0:00:34]} 8. Bd2 {[%emt 0:06:07]} Bd7 {[%emt 0:00:11]} 9. O-O {[%emt 0:01:04]} O-O {[%emt 0:00:10]} 10. Rb1 {[%emt 0:03:22]} a6 {[%emt 0:00:40]} 11. Ne2 {[%emt 0:01:49]} Rb8 {[%emt 0:01:27]} 12. Bc3 {[%emt 0:06:14]} b5 {[%emt 0:03:23]} 13. Bxg7 {[%emt 0:00:39]} Kxg7 {[%emt 0:00:07]} 14. Qd2 {[%emt 0:02:48]} Qb6 {[%emt 0:01:48]} 15. Kh1 {[%emt 0:02:58]} b4 {[%emt 0:01:17]} 16. h3 {[%emt 0:05:42]} a5 {[%emt 0:03:05]} 17. g4 {[%emt 0:05:44]} f5 {[%emt 0:00:15]} 18. Ng3 {[%emt 0:00:46]} Rbe8 {[%emt 0:03:01]} 19. Rbe1 {[%emt 0:01:37]} Qc7 {[%emt 0:07:30]} 20. Nh2 {[%emt 0:16:01]} Nd4 {[%emt 0:06:37]} 21. Ne2 {[%emt 0:00:29]} Nec6 {[%emt 0:01:00]} 22. c3 {[%emt 0:04:36]} Nxe2 {[%emt 0:00:10]} 23. Rxe2 {[%emt 0:00:04]} Kg8 {[%emt 0:01:23]} 24. Qe1 {[%emt 0:03:43]} Na7 {[%emt 0:07:07]} 25. Rc2 {[%emt 0:06:55]} Qb8 {[%emt 0:01:44]} 26. Qd2 {[%emt 0:05:26]} Ba4 {[%emt 0:05:48]} 27. b3 {[%emt 0:00:10]} Bd7 {[%emt 0:01:30]} 28. Nf3 {[%emt 0:01:00]} Nb5 {[%emt 0:03:41]} 29. c4 {[%emt 0:03:11]} Nc7 {[%emt 0:00:59]} 30. e5 {[%emt 0:01:16]} Na6 {[%emt 0:04:01]} 31. Re1 {[%emt 0:02:49]} Bc6 {[%emt 0:07:05]} 32. g5 {[%emt 0:00:42]} d5 {[%emt 0:03:40]} 33. Qf2 {[%emt 0:00:54]} dxc4 {[%emt 0:01:34]} 34. dxc4 {[%emt 0:00:26]} Be4 {[%emt 0:01:26]} 35. Rd2 {[%emt 0:00:24]} Rd8 {[%emt 0:00:41]} 36. Red1 {[%emt 0:00:14]} Rxd2 {[%emt 0:01:10]} 37. Qxd2 {[%emt 0:02:21]} Qb7 {[%emt 0:02:41]} 38. Qf2 {[%emt 0:00:27]} Qa8 {[%emt 0:01:55]} 39. Ne1 {[%emt 0:00:00]} Bxg2+ {[%emt 0:00:00]} 40. Nxg2 {[%emt 0:00:00]} Rd8 {[%emt 0:00:00]} 41. Rd2 {[%emt 0:04:17]} Qc8 {[%emt 0:03:25]} 42. Ne1 {[%emt 0:00:39]} Rd7 {[%emt 0:01:17]} 43. Rd3 {[%emt 0:00:48]} Qd8 {[%emt 0:01:15]} 44. Qd2 {[%emt 0:00:50]} Rxd3 {[%emt 0:01:41]} 45. Qxd3 {[%emt 0:00:10]} Qxd3 {[%emt 0:00:04]} 46. Nxd3 {[%emt 0:00:03]} Kg7 {[%emt 0:00:34]} 47. Kg2 {[%emt 0:01:05]} h6 {[%emt 0:00:25]} 48. h4 {[%emt 0:00:04]} h5 {[%emt 0:00:55]} 49. Nb2 {[%emt 0:00:39]} Kf7 {[%emt 0:00:37]} 50. Na4 {[%emt 0:01:10]} Ke7 {[%emt 0:00:18]} 51. Kf2 {[%emt 0:00:09]} Kd7 {[%emt 0:00:43]} 52. Ke2 {[%emt 0:00:19]} Kc6 {[%emt 0:00:49]} 53. Ke3 {[%emt 0:00:28]} Nb8 {[%emt 0:00:34]} 54. Ke2 {[%emt 0:00:05]} Nd7 {[%emt 0:00:26]} 55. Kd3 {[%emt 0:00:04]} Nb6 {[%emt 0:00:18]} 56. Nxb6 {[%emt 0:00:26]} Kxb6 {[%emt 0:00:09]} 57. Ke3 {[%emt 0:00:04]} a4 {[%emt 0:00:18]} 58. Kd3 {[%emt 0:00:05]} Ka5 {[%emt 0:00:18] Ke4} 1/2-1/2

[Event "Maria Albulet Memorial 2018"]
[Site "Braila"]
[Date "2018.11.09"]
[Round "8"]
[White "Cosma, Elena-Luminita"]
[Black "Terbe, Zsuzsanna"]
[Result "1-0"]
[WhiteElo "2338"]
[BlackElo "2215"]
[Annotator "TA"]
[PlyCount "111"]
[EventDate "2018.11.03"]
[EventType "swiss"]
[EventCountry "ROU"]
[SourceTitle "playchess.com"]
[Source "ChessBase"]
[SourceQuality "1"]

{[%evp 22,111,28,29,45,0,0,0,15,14,35,32,39,17,19,-6,-6,0,-2,-14,58,58,58,57,114,112,113,120,167,160,178,173,172,171,171,171,164,164,162,137,138,150,150,149,150,156,172,145,213,161,159,42,41,0,0,0,0,0,7,0,0,0,0,0,0,0,0,-13,-52,-37,139,131,242,242,341,328,324,314,354,355,354,346,386,376,384,381,363,333,452,431,554,526]} 1. d4 d5 2. c4 c6 3. cxd5 cxd5 4. Bf4 Nc6 5. e3 Nf6 6. Nc3 Bf5 7. Qb3 Na5 8. Qa4+ {D10: Slav Defence: 3 cxd5 (without early Nf3) and 3 Nc3} Bd7 9. Qc2 e6 10. Bd3 Rc8 (10... Nh5 11. Be5 Nc6 12. Qe2 Nf6 13. Nf3 Nxe5 14. Nxe5 Bd6 15. O-O O-O {½-½ (28) Meier,G (2639)-Nguyen,N (2620) Batumi 2018}) 11. Nf3 Nc6 12. a3 {LiveBook: 13 Games} Be7 13. Ne5 Nh5 $146 ({Predecessor:} 13... a6 14. O-O Nh5 15. Nxc6 Bxc6 {1-0 (61) Socko,M (2464)-Marszalek,M (2266) Suwalki 2018}) 14. Nxc6 Rxc6 (14... bxc6 {keeps more tension.} 15. Be5 f6 16. Bg3 c5 17. Ba6 Rc6) 15. Be5 Nf6 16. O-O h6 17. Bb5 Rc8 18. Qa4 a6 19. Bxd7+ Qxd7 20. Rac1 O-O (20... Rc4 $11 21. b4 Rc6) 21. Bxf6 $1 $14 Qxa4 22. Nxa4 gxf6 ({Better is} 22... Bxf6 $14 23. Nb6 Rxc1 24. Rxc1 Rd8) 23. Nb6 $16 Rxc1 24. Rxc1 {[%mdl 4096] Endgame KRB-KRN} Rb8 25. Nd7 $1 {[%cal Rd7b8]} Rd8 26. Rc7 b5 27. g3 b4 28. axb4 Bxb4 29. Nxf6+ Kg7 30. Nd7 Bd6 31. Ra7 a5 32. Kg2 Kg6 33. Kf3 f6 34. h3 Bb4 (34... h5 $16 {keeps fighting.} 35. Nc5 Bxc5 36. dxc5 Rb8 37. Rxa5 Rxb2) 35. Rb7 Rc8 36. Rb5 (36. g4 $16) 36... Rc2 $14 37. Nc5 e5 38. Kg2 {aiming for Nd3.} e4 $1 39. Ne6 {Threatens to win with Rb7.} Be1 40. Nf4+ Kf7 41. Rb7+ Kf8 $1 42. Kf1 Bxf2 43. Nxd5 Bxg3 44. Nc3 Rf2+ 45. Kg1 Bh4 $2 (45... f5 $15 {stays ahead.}) 46. Nxe4 $16 Re2 {[#]} (46... Rf5 $16 {might work better.} 47. Kg2 Be1) 47. Nd6 $1 $18 Bg5 (47... Rf2 {is a better defense.} 48. Rb5 Rf3 49. Rxa5 Kg8) 48. Kf1 Rh2 {[#]} 49. h4 $1 {[%mdl 512]} Bxh4 {[#]} 50. Rb8+ $1 Ke7 51. Nf5+ Kf7 {...Rf2+ is the strong threat.} 52. Kg1 Re2 53. Nxh4 Rxe3 54. Kf2 Rh3 55. Nf3 Ke6 56. Rb5 {Precision: White = 59%, Black = 41%.} 1-0

[Event "Maria Albulet Memorial 2018"]
[Site "Braila"]
[Date "2018.11.09"]
[Round "8"]
[White "Babiy, Olga"]
[Black "Otetea, Ioana"]
[Result "1-0"]
[WhiteElo "2314"]
[BlackElo "1602"]
[Annotator "TA"]
[PlyCount "107"]
[EventDate "2018.11.03"]
[EventType "swiss"]
[EventCountry "ROU"]
[SourceTitle "playchess.com"]
[Source "ChessBase"]
[SourceQuality "1"]

{[%evp 23,106,8,21,0,24,24,16,22,119,119,102,110,105,111,150,133,196,194,203,199,208,205,212,170,200,168,195,133,148,136,199,191,223,188,225,218,306,229,247,233,256,243,393,390,386,377,346,365,351,358,465,465,457,455,496,418,421,418,690,418,712,689,1662,1633,1968,1804,1642,920,822,772,29985,29986,29986,29987,29987,29988,29988,29989,29990,29991,29993,29988,29988,29989,29999]} 1. e4 e5 2. Nf3 Nc6 3. Bb5 {[%cal Bf1b5,Bb5a4,Ba4b3][%mdl 32]} a6 4. Ba4 b5 5. Bb3 Nf6 6. O-O Bc5 7. c3 d6 8. d4 Bb6 9. h3 O-O 10. Be3 {C78: Ruy Lopez: Archangelsk and Möller Defences} Rb8 (10... exd4 11. cxd4 Nxe4 12. Bd5 Qe8 13. Qc2 Nb4 14. Qxe4 Qxe4 15. Bxe4 d5 16. Bd2 dxe4 17. Bxb4 exf3 18. Bxf8 fxg2 {0-1 (34) Lu,S (2629)-Maghsoodloo,P (2636) Hamedan 2018}) 11. Nbd2 h6 12. Re1 Re8 {LiveBook: 12 Games} 13. d5 Na5 $146 ({Predecessor:} 13... Ne7 14. Bxb6 Rxb6 15. a4 Ng6 16. axb5 axb5 17. Ra8 {½-½ (47) Sziraki,T (2320)-Nemeth,M (2337) Hungary 2002}) 14. Bc2 Bd7 15. b4 {Black must now prevent Bxb6.} Nc4 (15... Bxe3 $11 16. Rxe3 Nb7) 16. Nxc4 $16 bxc4 17. Nd2 a5 18. a3 {[%cal Ba2a3,Ba3a4][%mdl 32]} Bxe3 19. Rxe3 Bb5 {[#]} (19... axb4 $16 20. cxb4 (20. axb4 Ra8 $16) 20... c6) 20. a4 $1 $18 {[%cal Ra4b5]} ({Weaker is} 20. bxa5 c6 $14) 20... Ba6 21. b5 ({Don't take} 21. bxa5 $6 Nd7 $14) 21... Bc8 22. Nxc4 Ra8 23. Qc1 Nd7 24. Rg3 Kh8 25. f4 (25. Nd2 $18) 25... Qh4 26. Rf3 Kg8 (26... exf4 $16 27. Rxf4 (27. Qxf4 Qxf4 28. Rxf4 Kg8 $16) 27... Qe7) 27. f5 Nb6 28. Ne3 Qg5 29. Qe1 Rf8 (29... Qf6 {might work better.} 30. Ng4 Qd8) 30. h4 Qd8 31. g4 f6 32. Rg3 Rf7 {[#]} (32... Kf7 $142 33. Qf1 Rb8) 33. g5 $1 {[%mdl 512]} fxg5 34. hxg5 hxg5 35. Qe2 Nd7 36. Qh5 Nf6 37. Qxg5 Kf8 38. c4 {[%cal Bc3c4,Bc4c5,Bc5c6][%mdl 32]} Bb7 39. Kf2 Ke7 40. c5 Bc8 (40... Qh8 $142 41. Nc4 Qh2+ 42. Rg2 Qh3) 41. c6 Qg8 (41... Qh8 $142 42. Ng4 Ke8) 42. Rh1 Ba6 43. bxa6 Rxa6 44. Ng4 Qb8 45. Rb1 Rb6 46. Rgb3 Kf8 47. Rxb6 {White mates.} cxb6 48. Rh1 Ke7 49. Nxf6 gxf6 50. Qg6 b5 51. Rh7 Qb6+ 52. Ke2 Rxh7 53. Qxh7+ Kd8 54. Qd7# {Precision: White = 71%, Black = 38%.} 1-0

[Event "Maria Albulet Memorial 2018"]
[Site "Braila"]
[Date "2018.11.09"]
[Round "8"]
[White "Bucur, Denisa-Andreea"]
[Black "Rakhmangulova, Anastasiya"]
[Result "0-1"]
[WhiteElo "2012"]
[BlackElo "2210"]
[Annotator "TA"]
[PlyCount "80"]
[EventDate "2018.11.03"]
[EventType "swiss"]
[EventCountry "ROU"]
[SourceTitle "playchess.com"]
[Source "ChessBase"]
[SourceQuality "1"]

{[%evp 34,80,22,28,32,34,22,0,7,0,86,0,46,46,37,36,54,54,47,51,64,84,83,64,67,66,81,0,77,20,31,0,0,0,28,-166,-170,-254,-254,-1576,-1568,-1365,-1335,-29983,-29984,-29983,-29984,-29984,-29985]} 1. d4 d5 2. Nf3 Nf6 3. c4 e6 4. Nc3 Nbd7 5. e3 c6 6. Bd3 dxc4 7. Bxc4 b5 8. Be2 Bb7 9. O-O a6 10. e4 c5 11. e5 Nd5 12. a4 b4 13. Ne4 Qc7 14. b3 {D47: Damengambit (Meraner Variante)} h6 15. Re1 Be7 16. Bb2 O-O 17. Rc1 Rac8 18. Nfd2 {LiveBook: 3 Partien} Nf4 19. Bf1 Qb8 20. g3 $146 ({Vorgänger:} 20. Nc4 Qa8 21. Qg4 Bxe4 22. Qxf4 {½-½ (29) Ritsema,R (2450)-Kahl,F (2555) ICCF email 2004}) 20... Nd5 21. Nc4 Rcd8 (21... Nc3 $1 $11 {hält das Gleichgewicht.} 22. Bxc3 (22. Nxc3 bxc3 23. Bxc3 cxd4 $14) 22... bxc3) 22. Bh3 (22. Ncd6 $16) 22... N5b6 23. Nxb6 Nxb6 24. Nxc5 Bxc5 25. Rxc5 Nd7 26. Rc1 $1 Qa8 27. f4 Bd5 28. f5 exf5 29. Bxf5 {Droht Tc7 und aus.} Rfe8 30. Qg4 ({Lieber} 30. Bc2 $16) 30... Nf8 (30... Qa7 $1 $11 31. Kf1 Bxb3) 31. Be4 (31. Bc2 $16) 31... Ne6 $11 {[%cal Bf8e6,Be6g5,Bg5h3][%mdl 32]} 32. Qf5 g6 33. Qg4 $1 h5 34. Qe2 $2 {[#]} (34. Qh4 $1 $11) 34... Ng5 $1 $19 35. Bxd5 (35. Bg2 {ist eine bessere Verteidigung.} Bxg2 36. Qxg2 Nf3+ 37. Kf2 Nxe1 38. Qxa8 Rxa8 39. Rxe1) 35... Qxd5 36. Kf2 $2 (36. Qg2 Nf3+ 37. Kf2 Qxb3 38. Re2 Nxd4 39. Bxd4 Rxd4 40. Qc6) 36... Nh3+ 37. Ke3 Qxb3+ 38. Qd3 {[#]} Rxe5+ $1 {[%mdl 512] Schwarz setzt Matt.} 39. Kd2 (39. dxe5 Qxd3#) 39... Qxb2+ 40. Rc2 Qxd4 {Precision: Weiß = 32%, Schwarz = 67%.} 0-1

[Event "Maria Albulet Memorial 2018"]
[Site "Braila"]
[Date "2018.11.09"]
[Round "8"]
[White "Ciolacu, Alessia-Mihaela"]
[Black "Petrenko, Svetlana"]
[Result "1-0"]
[WhiteElo "1972"]
[BlackElo "2130"]
[Annotator "TA"]
[PlyCount "83"]
[EventDate "2018.11.03"]
[EventType "swiss"]
[EventCountry "ROU"]
[SourceTitle "playchess.com"]
[Source "ChessBase"]
[SourceQuality "1"]

{[%evp 14,83,21,1,18,-29,-19,-19,-17,-17,0,10,0,0,-13,8,16,20,14,25,20,21,51,14,39,-8,11,6,43,3,38,-5,62,61,121,106,106,123,184,126,677,677,672,652,654,657,645,633,754,708,1209,1193,1534,1534,1520,1154,29986,2654,1652,1528,29988,29989,29989,29990,29990,29991,29991,29992,29992,29993,29993,29994]} 1. b3 d5 2. Bb2 c5 3. e3 Nc6 4. Nf3 Nf6 5. d4 e6 6. Nbd2 cxd4 7. exd4 Be7 {D05: Colle System with ...e6} (7... g6 8. Bb5 Bg7 9. O-O O-O 10. Re1 Qb6 11. a4 Bd7 12. c4 a6 13. Bxc6 Bxc6 14. c5 Qc7 15. b4 {½-½ (63) Kramnik,V (2811)-Nakamura,H (2793) Zuerich 2017}) 8. c4 {LiveBook: 3 Games} Ne4 9. c5 f5 $146 {Black has an edge.} ({Predecessor:} 9... Bf6 10. Qc2 O-O 11. a3 Nxd2 12. Qxd2 Re8 13. Bb5 {0-1 (50) Salomon,J (2458)-Elsness,F (2439) Tromsoe 2016}) 10. Bb5 O-O 11. O-O Bd7 12. Bxc6 Bxc6 13. Ne5 Bb5 14. Re1 Bg5 15. Ndf3 Bf6 $1 16. a4 Be8 $1 17. b4 g5 18. Nd2 g4 19. f3 gxf3 (19... Bxe5 $5 20. dxe5 gxf3 21. Nxf3 Qe7 $15) 20. Ndxf3 Kh8 21. Qd3 Rg8 22. b5 Rg7 (22... Bh5 $11) 23. Bc1 $14 {[%cal Bb2c1,Bc1f4,Bf4g3][%mdl 32]} Bxe5 ({Black should play} 23... h5 $14) 24. Nxe5 $16 Qh4 {( -> ...Qf2+)} 25. Rf1 $1 Bh5 (25... a6 $16 {keeps fighting.}) 26. Bf4 $18 Rxg2+ $2 {[%mdl 8192]} (26... a6 $16) 27. Kxg2 Rg8+ {[#]} 28. Kh1 $1 Nf2+ 29. Rxf2 Qxf2 {[%csl Gg8][%cal Rf2g2]} 30. Bg3 Qb2 31. Rg1 {aiming for Nc4!} f4 32. Bxf4 {Threatening mate with Nf7+!} Rxg1+ 33. Kxg1 Qa1+ 34. Kg2 Qxa4 35. Qg3 (35. c6 $142 Qa2+ 36. Kg3 bxc6 37. bxc6 Qa5 {[#]} 38. Nf7+ $1 {[%mdl 512]} Kg7 39. c7 Qe1+ 40. Kg2 Qe4+ 41. Qxe4 dxe4 42. Nd6) 35... Qc2+ 36. Kh3 {Nf7+! would kill now.} Bg6 37. Nxg6+ {White mates.} hxg6 38. Qh4+ Kg8 39. Qd8+ Kf7 40. Qd7+ Kf6 41. Be5+ Kg5 42. Qe7+ {Precision: White = 54%, Black = 30%.} 1-0